Compiler Construction (Record no. 316214)

MARC details
000 -LEADER
fixed length control field 00433nam a2200157Ia 4500
008 - FIXED-LENGTH DATA ELEMENTS--GENERAL INFORMATION
fixed length control field 230718s9999 xx 000 0 und d
041 ## - LANGUAGE CODE
Language code of text/sound track or separate title eng
082 ## - DEWEY DECIMAL CLASSIFICATION NUMBER
Classification number 005.4'53
Item number LOU
100 ## - MAIN ENTRY--PERSONAL NAME
Personal name Louden K.C.
245 ## - TITLE STATEMENT
Title Compiler Construction
Remainder of title Principles And Practice
260 ## - PUBLICATION, DISTRIBUTION, ETC. (IMPRINT)
Name of publisher, distributor, etc. Thomson Brooks /Cole (Vikas Publishing House)
300 ## - PHYSICAL DESCRIPTION
Extent 582
365 ## - TRADE PRICE
Currency code Rs.
Price amount 295.00
700 ## - ADDED ENTRY--PERSONAL NAME
Personal name Louden K.C.
906 ## - LOCAL DATA ELEMENT F, LDF (RLIN)
d B:394007-Mar-2007
c COMP
b 59
Holdings
Withdrawn status Lost status Damaged status Not for loan Home library Current library Date acquired Vendor Budget Code Cost, normal purchase price Bill number Total Checkouts Full call number Barcode Date last seen Discount Cost, replacement price Bill Date Koha item type Original Barcode
        Cummins College of Engineering for Women Pune Cummins College of Engineering for Women Pune 30/03/2007 Tbs COMP 236.00 3940   005.4'53 CCEP-BK-27421 18/07/2023 59 295.00 07/03/2007 Books 027421